| 000 | 00000nam 2200000za 4500 |
| 001 | 9.843482 |
| 003 | CaOODSP |
| 005 | 20221107152531 |
| 007 | cr ||||||||||| |
| 008 | 170913s1990 onc |o f|0| 0 fre d |
| 040 | |aCaOODSP|bfre |
| 043 | |an-cn--- |
| 086 | 1 |aCS13-0024/1990F-PDF |
| 245 | 00|aProjet de deflation au niveau provincial |h[ressource électronique]. |
| 260 | |a[Ottawa] : |bStatistique Canada, |c1990. |
| 300 | |a41 p. |
| 500 | |aPubl. aussi en anglais sous le titre : Provincial deflation development project. |
| 500 | |aÉdition numérisée de l'imprimé [par Statistique Canada]. |
| 500 | |a« Décembre 1990. » |
| 500 | |a« Document de référence. » |
| 500 | |a« Le présent rapport a été rédigé par Katharine Kemp de la Division des comptes des revenus et dépenses de Statistique Canada »--p. 1. |
| 520 | |a« La mise sur pied d'un projet permettant de produire des estimations en dollars constants du produit intérieur brut provincial a été discutée lors des réunions fédérale-provinciales du Comité des comptes économiques provinciaux. La présente étude a été amorcée par le gouvernement de l'Ontario qui a chargé Statistique Canada d'entreprendre un tel travail pour l'Ontario »--p. 1. |
| 692 | 07|2gccst|aInflation |
| 692 | 07|2gccst|aConditions économiques |
| 700 | 1 |aKemp, Katharine. |
| 710 | 1 |aCanada. |bStatistique Canada. |bDivision des comptes des revenus et dépenses. |
| 775 | 08|tProvincial deflation development project |w(CaOODSP)9.843475 |
| 856 | 40|qPDF|s7.58 Mo|uhttps://publications.gc.ca/collections/collection_2017/statcan/CS13-0024-1990-fra.pdf |
| 986 | |a13F0024XPF |